000 01279cam a2200229 4500
001 ABS62206
008 000000n2000 000 0 eng u
035 _a(Sirsi) u105855
100 _aMansfield, J.R.
245 _aInvestment potential within the residential private rented sector
260 _c2000
490 _aProperty Management
_v18(1), 34-45(17)
520 _aThe residential private rented sector in the UK, in decline for many years but showing net growth in numbers since 1989, is still largely ignored by institutional investors. The estimated capital value of the sector is £150bn with an estimated annual rental value of £15bn (UBS 1996). The author considers that the sector has potential to make a significant contribution to the housing needs of the future; assesses the reasons for the growth of owner occupation, its problems in recent years; the key characteristics of the private rented sector and the trends which make investment in the sector increasingly feasible. Statistics, graphs, references.
590 _aABS
650 _aHOUSING INVESTMENT
650 _aINVESTMENT PROPERTY
650 _aRESIDENTIAL SECTOR
650 _aINSTITUTIONAL INVESTMENT
650 _aPRIVATE RENTED SECTOR
690 _aHOUSING-INVESTMENT
942 _n0
999 _c63390
_d63390